Columbo killers - Statistics

General Stats
  • This quiz has been taken 355 times
    352 since last reset
  • The average score is 37 of 68
Answer Stats
Hint Answer % Correct
1971 Jack Cassidy
81%
1976 Jack Cassidy
81%
1974 Patrick McGoohan
81%
1975 Patrick McGoohan
81%
1990 Patrick McGoohan
81%
1998 Patrick McGoohan
81%
1976 William Shatner
80%
1994 William Shatner
80%
1971 Robert Culp
76%
1972 Robert Culp
76%
1973 Robert Culp
76%
1973 Leonard Nimoy
75%
1975 Janet Leigh
72%
1975 George Hamilton
68%
1991 George Hamilton
68%
1975 Robert Vaughn
66%
1974 Dick Van Dyke
63%
2000 Billy Connolly
62%
1973 Donald Pleasance
62%
1993 Faye Dunaway
61%
1974 Jack Cassidy
61%
1974 Johnny Cash
60%
1973 Martin Landau
58%
1977 Ruth Gordon
57%
1968 Gene Barry
54%
1972 John Cassavetes
54%
1972 Roddy McDowall
54%
1989 Fisher Stevens
53%
1974 Robert Conrad
53%
1973 Vera Miles
53%
1992 Tyne Daly
52%
1971 Lee Grant
51%
1973 Anne Baxter
50%
1972 Ray Milland
50%
1976 Ricardo Montalban
50%
1975 Oskar Werner
49%
1991 Rip Torn
49%
1973 Jackie Cooper
48%
1974 Jose Ferrer
48%
1976 Joyce Van Patten
48%
1971 Ross Martin
48%
1978 Trish Van Devere
48%
1977 Theodore Bikel
47%
1989 Anthony Andrews
45%
1975 Hector Elizondo
45%
1978 Louis Jourdan
45%
1978 Nicol Williamson
45%
1971 Eddie Albert
44%
1995 George Wendt
43%
1973 Laurence Harvey
43%
1971 Susan Clark
43%
2003 Matthew Rhys
42%
1989 Lindsay Crouse
41%
1972 Patrick O'Neal
41%
1972 Richard Basehart
41%
1991 Dabney Coleman
40%
1990 Andrew Stevens
39%
1978 Clive Revill
39%
1989 Patrick Bauchau
39%
1974 Richard Kiley
39%
1976 Fred Draper
36%
1994 Ed Begley Jr
35%
1990 Ian Buchanan
35%
1997 David Rasche
34%
1990 Helen Shaver
34%
1990 James Read
32%
1989 Robert Foxworth
32%
1990 Stephen Caffrey
31%
No matching quizzes found
Score Distribution
Percent of People with Each Score
Percentile by Number Answered
Your Score History
You have not taken this quiz since the last reset